000 00954nam a2200229Ia 4500
001 11496
003 GE_BSU
008 181216s||||||||xx |||||||||||||| ||und||
040 _cGE_BSU
080 _a633:631.527(076.5)+633:631.53.02(076.5)
100 _aსიხარულიძე,მ.ა.
245 _aმინდვრის კულტურათა სელექცია და მეთესლეობა
245 _bსას.–სამ.ტექნიკუმებისათვის.
245 _cრედ:ბ.ა.იაკობაშვილი.
260 _aთბილისი
260 _bცოდნა
260 _c1961
300 _a387გვ;22სმ.
300 _bცხრ.
653 _aმინდვრის კულტურათა სელექცია და მეთესლეობა.სას.–სამ.ტექნიკუმებისათვის.
942 _cBK
999 _c44692
_d44692